000 00467 a2200169 4500
000 BKB
001 071236
005 20200902150942.0
008
082 _a351.160954
_bM98S
100 1 _aMuthuswamy
245 1 _aSwamy's interpretations on service rules
_cby Muthuswamy and Brinda
260 _aChennai
_bSwamy Pub.
_c2011
300 _a4v.(240p.)
690 _aSwamy; General Reference
700 _aBrinda
_b
_c
999 _c4576
_d4576